Normal view
MARC view
- Hazarika Nillanjana - 2K91048
Entry Personal Name
001 - CONTROL NUMBER
- control field: 101901
003 - CONTROL NUMBER IDENTIFIER
- control field: OSt
005 - DATE AND TIME OF LATEST TRANSACTION
- control field: 20221007215902.0
008 - FIXED-LENGTH DATA ELEMENTS
- fixed length control field: 221007|| aca||aabn | a|a d
040 ## - CATALOGING SOURCE
- Original cataloging agency: OSt
- Transcribing agency: OSt
100 ## - HEADING--PERSONAL NAME
- Personal name: Hazarika Nillanjana - 2K91048
670 ## - SOURCE DATA FOUND
- Source citation: Work cat.: (OSt)69056: Hazarika Nillanjana - 2K91048, A Study of Employee Satisfaction as a Measurement of Efficiency of Core Administrative Functions(Incentives - Loans/Allowances/Benefits) of Oil India Limited, 2011